000 00407pab a2200169 454500
008 180718b2007 xxu||||| |||| 00| 0 eng d
100 _aPatnaik, Prabhat
245 _aBudgetary policy in the context of inflation
260 _c2007
300 _ap.1260-262.
362 _a7 Apr
650 _aInflation
650 _aBudget
773 _aEconomic and Political Weekly
908 _aN
909 _a73695
999 _c73695
_d73695